<?xml version="1.0" encoding="UTF-8"?>
<record
    xmlns:xsi="http://www.w3.org/2001/XMLSchema-instance"
    xsi:schemaLocation="http://www.loc.gov/MARC21/slim http://www.loc.gov/standards/marcxml/schema/MARC21slim.xsd"
    xmlns="http://www.loc.gov/MARC21/slim">

  <leader>00750nam a22001577a 4500</leader>
  <controlfield tag="003">OSt</controlfield>
  <controlfield tag="005">20160516143028.0</controlfield>
  <controlfield tag="008">160516b        xxu||||| |||| 00| 0 eng d</controlfield>
  <datafield tag="040" ind1=" " ind2=" ">
    <subfield code="c">RUA</subfield>
  </datafield>
  <datafield tag="082" ind1=" " ind2=" ">
    <subfield code="a">AGR SOR 2010 B470 Or.1</subfield>
  </datafield>
  <datafield tag="100" ind1=" " ind2=" ">
    <subfield code="9">8342</subfield>
    <subfield code="a">SORN SREYLEAK; &#x179F;&#x1793; &#x179F;&#x17D2;&#x179A;&#x17B8;&#x179B;&#x1780;&#x17D2;&#x1781;&#x178E;&#x17CF;</subfield>
  </datafield>
  <datafield tag="245" ind1=" " ind2=" ">
    <subfield code="a">Effect of chicken manure with diffrent spacing on chinese radish in sandy loam soil condition; &#x1794;&#x17D2;&#x179A;&#x179F;&#x17B7;&#x1791;&#x17D2;&#x1792;&#x1797;&#x17B6;&#x1796;&#x1787;&#x17B8;&#x179B;&#x17B6;&#x1798;&#x1780;&#x1798;&#x17B6;&#x1793;&#x17CB; &#x1780;&#x17D2;&#x1793;&#x17BB;&#x1784;&#x1785;&#x1793;&#x17D2;&#x179B;&#x17C4;&#x17C7;&#x1782;&#x17BB;&#x1798;&#x17D2;&#x1796;&#x1795;&#x17D2;&#x179F;&#x17C1;&#x1784;&#x1782;&#x17D2;&#x1793;&#x17B6;&#x179B;&#x17BE;&#x178A;&#x17C6;&#x178E;&#x17B6;&#x17C6;&#x1786;&#x17C3;&#x1790;&#x17B6;&#x179C; &#x1780;&#x17D2;&#x1793;&#x17BB;&#x1784;&#x179B;&#x1780;&#x17D2;&#x1781;&#x1781;&#x178E;&#x17D2;&#x178C;&#x178A;&#x17B8;&#x179B;&#x17D2;&#x1794;&#x17B6;&#x1799;&#x1781;&#x17D2;&#x179F;&#x17B6;&#x1785;&#x17CB;</subfield>
  </datafield>
  <datafield tag="260" ind1=" " ind2=" ">
    <subfield code="a">Phnom Penh</subfield>
    <subfield code="b">RUA</subfield>
    <subfield code="c">2010</subfield>
  </datafield>
  <datafield tag="300" ind1=" " ind2=" ">
    <subfield code="a">x;49p.</subfield>
    <subfield code="b">ill.</subfield>
    <subfield code="c">29cm.</subfield>
  </datafield>
  <datafield tag="942" ind1=" " ind2=" ">
    <subfield code="2">ddc</subfield>
    <subfield code="c">AGR</subfield>
  </datafield>
  <datafield tag="999" ind1=" " ind2=" ">
    <subfield code="c">7992</subfield>
    <subfield code="d">7992</subfield>
  </datafield>
  <datafield tag="952" ind1=" " ind2=" ">
    <subfield code="0">0</subfield>
    <subfield code="1">0</subfield>
    <subfield code="2">ddc</subfield>
    <subfield code="4">0</subfield>
    <subfield code="6">AGR_SOR_2010_000000000000000_B470_OR_1</subfield>
    <subfield code="7">0</subfield>
    <subfield code="9">45616</subfield>
    <subfield code="a">LBB</subfield>
    <subfield code="b">LBB</subfield>
    <subfield code="c">B470</subfield>
    <subfield code="d">2016-05-16</subfield>
    <subfield code="l">1</subfield>
    <subfield code="o">AGR SOR 2010 B470 Or.1</subfield>
    <subfield code="p">RUA057911</subfield>
    <subfield code="r">2016-07-15</subfield>
    <subfield code="s">2016-06-24</subfield>
    <subfield code="w">2016-05-16</subfield>
    <subfield code="y">AGR</subfield>
  </datafield>
</record>
